Business Communication (Record no. 5625)

000 -LEADER
fixed length control field 00586nam a22001697a 4500
008 - FIXED-LENGTH DATA ELEMENTS--GENERAL INFORMATION
fixed length control field 150911b xxu||||| |||| 00| 0 eng d
020 ## - INTERNATIONAL STANDARD BOOK NUMBER
International Standard Book Number 9780324014150
050 ## - LIBRARY OF CONGRESS CALL NUMBER
Classification number HF 5718 .O38 2001
100 ## - MAIN ENTRY--PERSONAL NAME
Personal name O'Hair, H Dan
Dates associated with a name 2001
245 ## - TITLE STATEMENT
Title Business Communication
Remainder of title A Framework for Success.
Statement of responsibility, etc. H. Dan O'Hair
260 ## - PUBLICATION, DISTRIBUTION, ETC. (IMPRINT)
Place of publication, distribution, etc. Australia
Name of publisher, distributor, etc. South-Western
Date of publication, distribution, etc. 2001
300 ## - PHYSICAL DESCRIPTION
Extent xxviii,665p;ill
Other physical details Includes bibliographical references and index
650 ## - SUBJECT ADDED ENTRY--TOPICAL TERM
Topical term or geographic name as entry element Business Communication
700 ## - ADDED ENTRY--PERSONAL NAME
Personal name O'Rourke, James S.
700 ## - ADDED ENTRY--PERSONAL NAME
Personal name O'Hair, Mary John
942 ## - ADDED ENTRY ELEMENTS (KOHA)
Source of classification or shelving scheme
Koha item type Hard Covered Materials
Classification part HF 5718 .O38 2001
Koha issues (borrowed), all copies 1
Holdings
Withdrawn status Lost status Source of classification or shelving scheme Damaged status Not for loan Home library Current library Date acquired Source of acquisition Total Checkouts Full call number Barcode Date last seen Date last checked out Price effective from Koha item type
          MACHAKOS UNIVERSITY LIBRARY MACHAKOS UNIVERSITY LIBRARY 11/09/2015 Donation (B.F.A) 1 HF 5718 .O38 2001 8979 30/05/2019 12/10/2017 11/09/2015 Hard Covered Materials
© Machakos University Library, Along The Highway, Machakos Wote Rd, Machakos, Kenya P.O. Box 136 - 90100 Machakos - Kenya

Tel: ( +254 ) 723 805829 OR Fax : 044-20353 OR Email: library@mksu.ac.ke